| 000 | 00598nam a2200169 i 4500 | ||
|---|---|---|---|
| 001 | 27270 | ||
| 003 | ES-MaACL | ||
| 005 | 20230906153604.0 | ||
| 007 | t| | ||
| 008 | 030114s1973 sp ||||1| spa d | ||
| 110 | 0 | 0 |
_aAsociación Española de Pediatría. _91680 |
| 245 | 1 | 0 |
_aX Reunión anual de la A.E.P. _b: mesa redonda sobre "Formación del postgraduado en Pediatría" / _cAsociación Española de Pediatría. |
| 260 |
_aGranada : _b[s.n., _c1973] ( _fGráf. Sur) |
||
| 300 |
_a54 p. ; _c26 cm. |
||
| 740 | 0 | _aFormación del postgraduado en Pediatría. | |
| 852 |
_aES-MaACL _jC-56239 _bR.88800 |
||
| 999 |
_c27270 _d27270 |
||